[Event "POR-ch U20"]
[Site "Luso"]
[Date "2016.07.21"]
[Round "2"]
[White "Martins, Diogo Faria Oliveir"]
[Black "Jesus, Joao Pedro Mendes D"]
[Result "0-1"]
[WhiteElo "1812"]
[BlackElo "1803"]
[PlyCount "134"]
[EventDate "2016.07.20"]
[EventType "swiss"]
[EventRounds "7"]
[EventCountry "POR"]
[SourceTitle "EXT 2018"]
[Source "ChessBase"]
[SourceDate "2017.10.13"]
[SourceVersion "1"]
[SourceVersionDate "2017.10.13"]
[SourceQuality "1"]

1. e4 e5 2. Nf3 Nc6 3. Bc4 Nf6 4. d3 Bc5 5. 0-0 0-0 6. c3 d5 7. exd5 Nxd5 8. Nbd2 Nf6 9. b4 Bd6 10. Re1 a6 11. a4 h6 12. h3 Re8 13. Ne4 Nxe4 14. Rxe4 Bf5 15. Re3 Be6 16. Bxe6 Rxe6 17. Bd2 Qf6 18. b5 Ne7 19. Nh2 Nf5 20. Rf3 Qg6 21. bxa6 Rxa6 22. Rb1 e4 23. dxe4 Nh4 24. Qf1 Bxh2+ 25. Kxh2 Nxf3+ 26. gxf3 Reb6 27. Rd1 Qf6 28. Qd3 Qd6+ 29. Qxd6 Rxd6 30. Kg2 Rxa4 31. Kf1 Ra2 32. Ke1 Rc2 33. Ke2 f6 34. f4 Kf7 35. f5 b5 36. f4 c5 37. Ke1 b4 38. cxb4 cxb4 39. e5 fxe5 40. fxe5 Rd5 41. e6+ Ke8 42. Bxb4 Rxd1+ 43. Kxd1 Rc4 44. Ba3 Rf4 45. Bb2 Rxf5 46. Bxg7 Rh5 47. Ke2 Rxh3 48. Bf6 Rb3 49. e7 h5 50. Kf2 Kf7 51. Bh4 Ra3 52. Kg2 Re3 53. Kf2 Re4 54. Kg3 Kg6 55. Kf3 Kf5 56. Bg5 Re6 57. Bh4 Re5 58. Kf2 Kg4 59. Bf6 Re6 60. Kg2 h4 61. Kh2 h3 62. Kg1 Kg3 63. Bc3 Rxe7 64. Kh1 Re2 65. Bd4 h2 66. Be5+ Kh3 67. Bc3 Rf2 0-1

[Event "Lisbon Check Mate op 3rd"]
[Site "Lisbon"]
[Date "2015.08.10"]
[Round "4"]
[White "Negrao, Alberto Rodolfo AS"]
[Black "Jesus, Joao Pedro Mendes D"]
[Result "1-0"]
[WhiteElo "1927"]
[BlackElo "1764"]
[PlyCount "57"]
[EventDate "2015.08.08"]
[EventType "swiss"]
[EventRounds "7"]
[EventCountry "POR"]
[SourceTitle "EXT 2017"]
[Source "ChessBase"]
[SourceDate "2016.10.25"]
[SourceVersion "1"]
[SourceVersionDate "2016.10.25"]
[SourceQuality "1"]

1. e4 e5 2. Nf3 Nc6 3. d4 exd4 4. Bc4 d6 5. 0-0 Nf6 6. Nxd4 Be7 7. Nc3 0-0 8. Nxc6 bxc6 9. Re1 Be6 10. Bxe6 fxe6 11. e5 Nd5 12. Qg4 Nxc3 13. Qxe6+ Rf7 14. bxc3 dxe5 15. Qxe5 Bd6 16. Qe6 Qf6 17. Qxf6 Rxf6 18. Be3 Re6 19. Rab1 Rae8 20. Kf1 a6 21. g3 Kf7 22. Rb7 Kg6 23. Ra7 Re4 24. Rxa6 Rc4 25. Bd4 Rxe1+ 26. Kxe1 c5 27. Be3 Rxc3 28. Kd2 Rc4 29. Kd3 1-0